| 000 | 00497nam a22001577a 4500 | ||
|---|---|---|---|
| 003 | NUST | ||
| 038 | _aNusrat Nadeem | ||
| 082 | _a200 | ||
| 100 |
_aAadil Hussain Bangash, _9133604 |
||
| 245 |
_aImplementation of Xactly Incent Commission Software/ _cBangash, Aadil Hussain |
||
| 264 |
_aIslamabad: _bNBS NUST. _c2025. |
||
| 650 |
_aExecutive MBA _9125080 |
||
| 700 |
_aSupervisor: Dr. Nabeel Safdar _9119913 |
||
| 856 | _uhttp://10.250.8.41:8080/xmlui/handle/123456789/57177 | ||
| 942 |
_2ddc _cSC |
||
| 999 |
_c616555 _d616555 |
||